| 000 | 00998cam a22002893a 4500 | ||
|---|---|---|---|
| 001 | 31167 | ||
| 003 | PGUSA | ||
| 005 | 20140828083656.0 | ||
| 008 | 100203s2010||||xxu|||||s|||||000 1 eng d | ||
| 040 |
_aPGUSA _beng |
||
| 042 | _adc | ||
| 050 | 4 | _aPZ | |
| 100 | 1 |
_aEwald, Carl, _d1856-1908 |
|
| 245 | 1 | 4 |
_aThe Old Willow Tree, and other stories _h[electronic resource] / _cCarl Ewald |
| 260 |
_bProject Gutenberg, _c2010 |
||
| 505 | 0 | _aThe old willow-tree -- The mistletoe -- The lilac-bush -- The beech and the oak -- The weeds -- The anemones -- The wood and the heath -- Somewhere in the wood -- The cousins. | |
| 506 | _aPublic domain in the USA. | ||
| 516 | _aElectronic text | ||
| 653 | _aNature -- Juvenile fiction | ||
| 653 | _aChildren's stories | ||
| 700 | 1 |
_aTeixeira de Mattos, Alexander, _d1865-1921 |
|
| 700 | 1 |
_aJacobs, Helen, _d1888-1970 |
|
| 700 | 1 | _aLee, G. E. | |
| 830 | 0 |
_aProject Gutenberg _v31167 |
|
| 856 | 4 | 0 | _uhttp://www.gutenberg.org/ebooks/31167 |
| 942 | _cEB | ||
| 999 |
_c260422 _d260422 |
||